00568nam a2200193 a 4500008004100000020002200041100001900063245003500082246003100117260004000148300002400188440003600212500004400248500002000292650003500312003000100347005001700348040000900365  a0750632445 (pbk.)1 aSexton, Conor.10aC made simple /cConor Sexton.3 aC programming made simple. aOxford :bMade Simple Books,c1997. ax, 198 p. ;c25 cm. 0aMade Simple programming series. aCover title: C programming made simple. aIncludes index. 0aC (Computer program language).20230120193603.0 cNUST